00589nam a2200193Ia 450000500170000000800410001702000180005804100120007608200170008810000210010524500980012625000120022426000370023630000210027365000250029465000300031965000270034970000190037620260429112131.0260429s9999||||xx |||||||||||||| ||und|| a9781041201601 aEnglish a621.042bBLA aBlaabjerg, Frede 0aRenewable energy devices and systems with simulations in MATLAB and ANSYS / cFrede Blaabjerg a1st ed. aBoca Raton : bCRC Press,c2026. axii, 402 p.; pbk a Computer simulation a Renewable energy sources aElectric power systems a Ionel, Dan M.